| 000 | 00931nam a2200337 a 4500 | ||
|---|---|---|---|
| 003 | AR-BaBNM | ||
| 005 | 20251128203845.0 | ||
| 008 | 082120s2002 ||||||||||||||000 | spa|| | ||
| 040 | _cAR-BaBNM | ||
| 100 | 1 | _aCócaro, Nicolás | |
| 245 | 0 | 0 |
_aFlorida _bla calle del país |
| 250 | _a1ª ed. | ||
| 260 |
_aBuenos Aires _bFundación Banco de Boston _c1989 |
||
| 300 |
_a221 p. _bláms. |
||
| 500 | _aContiene referencias bibliográficas en p. 213 | ||
| 650 | 4 | _aCOSTUMBRES Y TRADICIONES | |
| 650 | 4 | _aMONUMENTOS HISTORICOS | |
| 650 | 4 | _aHISTORIA DE BUENOS AIRES | |
| 650 | 4 | _aBIENES CULTURALES | |
| 650 | 4 | _aARQUITECTURA | |
| 650 | 4 | _aURBANISMO | |
| 650 | 4 | _aEDIFICIOS | |
| 650 | 4 | _aVIDA SOCIAL | |
| 650 | 4 | _aVIDA CULTURAL | |
| 650 | 4 | _aBARRIOS | |
| 651 | 4 | _aBuenos Aires [Capital Federal] | |
| 700 | 1 | _aCócaro, Emilio E. | |
| 700 | 1 |
_aSacerdote, Manuel R. _eprologuista |
|
| 942 | _cBK | ||
| 998 | _cMARTIN | ||
| 999 |
_c5210 _d5210 |
||